000
00326nam a2200133Ia 4500
008
240624s9999 xx 000 0 und d
041
_a
eng
082
_a
891.46 HAR
100
_a
HARDIKAR ANAND
245
_a
KAAYDE AZHAM
260
_c
2006
_a
Pune
_b
Rajhans Prakashan
300
_a
xiii, : 431 : p. : cm. ; 21
365
_c
RS
_b
20
999
_c
6907
_d
6907